| 000 | 01326cam a2200337 a 4500 | ||
|---|---|---|---|
| 001 | 13025300 | ||
| 003 | OSt | ||
| 005 | 20140310181623.0 | ||
| 008 | 021209s2003 miua b 001 0 eng | ||
| 010 | _a 2002155221 | ||
| 020 | _a1853260975 | ||
| 040 |
_aDLC _cDLC _dDLC |
||
| 050 | 0 | 0 |
_aPS 3511.I9 _b.F553 2004 |
| 082 | 0 | 0 |
_aCLA F57t _b2004 |
| 100 |
_aFitzgerald, Scott F. _93166 |
||
| 245 | 0 | 0 |
_aF. Scott Fitzgerald's Tender is the night :/ _cby Henry Claridge. |
| 260 |
_aHertfordshire, England : _bWordsworth Editions Limited, _cc2004. |
||
| 300 |
_axxiii, 288 p. ; _c20 cm. |
||
| 440 | 0 |
_aDictionary of literary biography ; _vv. 273 _93167 |
|
| 541 | _j1 | ||
| 541 | _j2 | ||
| 541 | _j3 | ||
| 562 | _eFor circulation. 3 copies in the collection | ||
| 600 | 1 | 0 |
_aFitzgerald, F. Scott _q(Francis Scott), _d1896-1940. _tTender is the night. _93168 |
| 600 | 1 | 0 |
_aFitzgerald, F. Scott _q(Francis Scott), _d1896-1940. _tTender is the night _xCriticism, Textual. _93169 |
| 700 | 1 |
_aBruccoli, Matthew J. _q(Matthew Joseph), _d1931-2008. _93170 |
|
| 700 | 1 |
_aAnderson, George Parker, _d1957- _93171 |
|
| 906 |
_a7 _bcbc _corignew _d1 _eecip _f20 _gy-gencatlg |
||
| 942 |
_2lcc _cBBK _kCLA |
||
| 999 |
_c225 _d225 |
||